Normale Ansicht MARC-Ansicht ISBD

Deutsch-polnische Schule in der Schwebe (Titelsatznr. 373308)

[ MARC ]
MARC-Details
000 -Satzkennung
Kontrollfeld mit fester Länge 00707nab a2200181 4500
001 - Kontrollnummer
Kontrollfeld 244442
003 - Kontrollnummer Identifier
Kontrollfeld OSt
005 - Datum und Zeit der letzten Transaktion
Kontrollfeld 20240903074112.0
007 - Feld mit fester Länge zur physischen Beschreibung - Allgemeine Information
Kontrollfeld mit fester Länge tu
008 - Feld mit fester Länge zur physischen Beschreibung - Allgemeine Angaben
Kontrollfeld mit fester Länge 200917s2020|||||||
040 ## - Katalogisierungsquelle
Original-Katalogisierungsstelle DE-2950
Übertragungsstelle DE-2950
245 00 - Titel
Titel Deutsch-polnische Schule in der Schwebe
Zusatz zum Titel Bildung. Seit Jahren gibt es in Frankfurt Überlegungen, eine private bilinguale Grundschule zu gründen. Trotz fortgeschrittener Gespräche zwischen Stadtverwaltung und Rahn-Education sind zentrale Fragen noch ungelöst/
Verfasserangabe etc. Karl Baptist
264 ## - Produktion, Veröffentlichung, Distribution, Herstellung und Urheberrechtsvermerk
Datum der Herstellung, der Veröffentlichung, des Vertriebs oder des Urheberschutzvermerks 2024
653 ## - Indexierungsterm - Nicht normiert
Nicht-normierter Term Frankfurt (Oder)
653 ## - Indexierungsterm - Nicht normiert
Nicht-normierter Term Deutsch-polnische Schule
773 0# - Übergeordnete Einheit
Verknüpfungsangaben 35. Jahrgang (2024) Nr. 201 vom 28.08.2024, S. 15,
Titel Märkische Oderzeitung
942 ## - Zusätzliche Felder (Koha)
Klassifikation oder Aufstellungssystematik Andere/Generische Klassifikation
Koha-Medientyp Aufsätze
Exemplare
Ausgeschieden Verloren Klassifikation oder Aufstellungssystematik Beschädigt Nicht entleihbar Heimatbibliothek Aufenthaltsbibliothek Aufstellungsort Erwerbungsdatum Anzahl Ausleihen Signatur Letzte Aktivität Preis gültig von Koha-Medientyp
    Andere/Generische Klassifikation     Stadtarchiv Frankfurt (Oder) | Archivbibliothek Stadtarchiv Frankfurt (Oder) | Archivbibliothek Magazin 03/09/2024   Z2 03/09/2024 03/09/2024 Aufsätze